La religión en China
Uloženo v:
| Hlavní autor: | |
|---|---|
| Další autoři: | |
| Médium: | Kniha |
| Jazyk: | angličtina španělština |
| Vydáno: |
China
China Intecontinental Press
2004
|
| Vydání: | Primera edición |
| Edice: | Series Básicas de China
|
| Témata: | |
| Tagy: |
Přidat tag
Žádné tagy, Buďte první, kdo vytvoří štítek k tomuto záznamu!
|
MARC
| LEADER | 00000nam a22000007a 4500 | ||
|---|---|---|---|
| 003 | CL-VaPUC | ||
| 005 | 20230725100656.0 | ||
| 008 | 200225b ||||| |||| 00| 0 eng d | ||
| 999 | |c 416802 |d 416800 | ||
| 020 | |a 7508505018 | ||
| 040 | |c Pontificia Universidad Católica de Valparaíso | ||
| 041 | 0 | |a spa | |
| 082 | |a 261.7 SNA 2004 | ||
| 100 | 1 | |a Snag, Ji |9 719783 | |
| 245 | 1 | 3 | |a La religión en China |
| 250 | |a Primera edición | ||
| 260 | 3 | |a China |b China Intecontinental Press |c 2004 | |
| 300 | |a 151 p | ||
| 490 | 0 | |a Series Básicas de China | |
| 583 | |c 20200225 |k Daniel Castañeda | ||
| 650 | 0 | 0 | |a COMUNISMO Y RELIGION |9 313305 |
| 650 | 0 | 0 | |a Religiones comparadas |9 349653 |
| 650 | 0 | 0 | |a BUDISMO |9 719784 |
| 650 | 0 | 0 | |a TAOISMO |9 323460 |
| 650 | 0 | 0 | |a Islamismo |9 314084 |
| 650 | 0 | 0 | |a Catolicismo |9 258690 |
| 650 | 0 | 0 | |a Protestantismo |9 317293 |
| 651 | 0 | 0 | |a China |9 257545 |
| 700 | 1 | |a Jia, Ningyi |e traductora |9 719785 | |
| 942 | |2 ddc |c BK | ||
| 952 | |0 0 |1 0 |2 ddc |4 0 |6 261_700000000000000_SNA_2004 |7 0 |8 A |9 551476 |a BIBGIM |b BIBGIM |d 2020-02-25 |i 5614384 |l 1 |o 261.7 SNA 2004 |p 5614384 |r 2025-01-15 |s 2022-07-18 |t 1 |w 2020-02-25 |y BK |k ORI | ||